[Event "GER-ch U14 Girls"]
[Site "Willingen"]
[Date "2015.05.30"]
[Round "9"]
[White "Schneider, Jana"]
[Black "Fesselier, Chelsea"]
[Result "1-0"]
[WhiteElo "2042"]
[BlackElo "1661"]
[PlyCount "107"]
[EventDate "2015.05.24"]
[EventType "swiss"]
[EventRounds "9"]
[EventCountry "GER"]
[SourceTitle "CBM 166 Extra"]
[Source "ChessBase"]
[SourceDate "2015.06.18"]
[SourceVersion "1"]
[SourceVersionDate "2015.06.18"]
[SourceQuality "1"]

1. e4 c5 2. Nf3 e6 3. g3 Nc6 4. Bg2 d6 5. 0-0 Nf6 6. Qe2 Be7 7. Rd1 Qc7 8. d4 cxd4 9. Nxd4 a6 10. c4 Rb8 11. b3 Bd7 12. Bb2 0-0 13. Nc3 Rfe8 14. Rac1 Nxd4 15. Rxd4 Bc6 16. Kh1 Bf8 17. g4 e5 18. Rd3 g6 19. Rg3 Bg7 20. Bf3 Qe7 21. Ba3 Rbd8 22. Rd1 Rf8 23. Kg2 Rd7 24. g5 Ne8 25. h4 f6 26. gxf6 Qxf6 27. Bg4 Rd8 28. h5 g5 29. Bf5 h6 30. Rgd3 Qe7 31. Nd5 Bxd5 32. Rxd5 b6 33. Bg6 Rf6 34. Bxe8 Qxe8 35. Bxd6 Re6 36. Bc7 Rxd5 37. exd5 Rf6 38. Rd2 e4 39. d6 Rf7 40. Bxb6 Qc6 41. Be3 Be5 42. c5 Bf4 43. Kf1 Be5 44. Qc4 Kg7 45. a4 Bf6 46. Qd5 Qd7 47. Qxe4 Qh3+ 48. Kg1 Qxh5 49. d7 Bd8 50. c6 Rf8 51. Bd4+ Kg8 52. Be5 Qf7 53. c7 Bxc7 54. Bxc7 1-0

[Event "FRA-ch U14 Girls"]
[Site "Pau"]
[Date "2015.05.03"]
[Round "9"]
[White "Fesselier, Chelsea"]
[Black "Vigna, Liza"]
[Result "0-1"]
[WhiteElo "1688"]
[BlackElo "1608"]
[PlyCount "37"]
[EventDate "2015.04.26"]
[EventType "swiss"]
[EventRounds "9"]
[EventCountry "FRA"]
[SourceTitle "CBM 166 Extra"]
[Source "ChessBase"]
[SourceDate "2015.06.18"]
[SourceVersion "1"]
[SourceVersionDate "2015.06.18"]
[SourceQuality "1"]

1. e4 d5 2. exd5 Qxd5 3. Nc3 Qa5 4. Bc4 Nf6 5. d3 Bg4 6. f3 Bf5 7. Qe2 Nc6 8. Be3 e6 9. g4 Bg6 10. f4 Bb4 11. Bd2 Nd4 12. Qd1 Nxg4 13. a3 Qh5 14. Nf3 Qh3 15. Rf1 Be7 16. Bc1 Bh4+ 17. Nxh4 Qxh4+ 18. Kd2 Nf2 19. Ke1 0-1

[Event "FRA-ch U14 Girls"]
[Site "Pau"]
[Date "2015.04.30"]
[Round "6"]
[White "Fesselier, Chelsea"]
[Black "Hebert, Floriane"]
[Result "1-0"]
[WhiteElo "1657"]
[BlackElo "1489"]
[PlyCount "110"]
[EventDate "2015.04.26"]
[EventType "swiss"]
[EventRounds "9"]
[EventCountry "FRA"]
[SourceTitle "CBM 166 Extra"]
[Source "ChessBase"]
[SourceDate "2015.06.18"]
[SourceVersion "1"]
[SourceVersionDate "2015.06.18"]
[SourceQuality "1"]

1. e4 e5 2. Nf3 Nf6 3. Nc3 Nc6 4. d4 Bb4 5. d5 Ne7 6. Bd3 Ng6 7. Bd2 d6 8. 0-0 0-0 9. a3 Bxc3 10. Bxc3 Nf4 11. Re1 N6h5 12. Bf1 Bg4 13. h3 Bxf3 14. Qxf3 Qg5 15. Kh2 Nf6 16. Bd2 Qg6 17. Bxf4 exf4 18. Qxf4 Rae8 19. Bd3 Nh5 20. Qe3 Qf6 21. c3 Qe5+ 22. g3 f5 23. f4 Qf6 24. Qf3 fxe4 25. Bxe4 g6 26. Bd3 Ng7 27. Qg4 Rd8 28. Rf1 Nf5 29. Bxf5 Qxf5 30. Qxf5 Rxf5 31. c4 Rdf8 32. Kg2 R8f7 33. Rae1 Kf8 34. Rf3 R5f6 35. Rfe3 g5 36. Rf3 gxf4 37. Ref1 Re7 38. Rxf4 Rxf4 39. Rxf4+ Kg7 40. Kf2 Re5 41. g4 h6 42. b3 a6 43. a4 a5 44. Rf3 Re7 45. Re3 Rf7+ 46. Kg3 Kf8 47. Rf3 Kg7 48. Rxf7+ Kxf7 49. Kf4 Kf6 50. h4 b6 51. g5+ hxg5+ 52. hxg5+ Kg6 53. Kg4 Kg7 54. Kf5 Kf7 55. g6+ Ke7 1-0

[Event "Wch U12 Girls"]
[Site "Durban"]
[Date "2014.09.22"]
[Round "4"]
[White "Maltsevskaya, Aleksandra"]
[Black "Fesselier, Chelsea"]
[Result "1-0"]
[WhiteElo "2091"]
[BlackElo "1666"]
[PlyCount "63"]
[EventDate "2014.09.20"]
[EventType "swiss"]
[EventRounds "11"]
[EventCountry "RSA"]
[SourceTitle "CBM 162 Extra"]
[Source "ChessBase"]
[SourceDate "2014.10.17"]
[SourceVersion "1"]
[SourceVersionDate "2014.10.17"]
[SourceQuality "1"]

1. e4 c5 2. Nc3 Nc6 3. Nf3 e6 4. d4 cxd4 5. Nxd4 a6 6. f4 d6 7. Be3 Nf6 8. Be2 Qc7 9. Qd2 Be7 10. 0-0-0 b5 11. Nxc6 Qxc6 12. a3 Bb7 13. Bf3 Qc7 14. Qf2 Nd7 15. Bd4 Bf6 16. g4 h6 17. Rd2 e5 18. fxe5 Bg5 19. Be3 Bxe3 20. Qxe3 dxe5 21. Rhd1 Nb6 22. Be2 Rc8 23. g5 Bc6 24. Qg3 Kf8 25. Rd6 hxg5 26. Qxe5 Re8 27. Qc5 Qe7 28. Qxc6 Nc8 29. Rd7 Qe5 30. Rd8 Na7 31. Rxe8+ Qxe8 32. Qc5+ 1-0

[Event "Karl Mala Memorial op-B 17th"]
[Site "Frankfurt"]
[Date "2014.08.01"]
[Round "2"]
[White "Michel, Carsten"]
[Black "Fesselier, Chelsea"]
[Result "1-0"]
[WhiteElo "1278"]
[BlackElo "1478"]
[PlyCount "63"]
[EventDate "2014.07.31"]
[EventType "swiss"]
[EventRounds "7"]
[EventCountry "GER"]
[SourceTitle "EXT 2015"]
[Source "ChessBase"]
[SourceDate "2014.11.20"]
[SourceVersion "1"]
[SourceVersionDate "2014.11.20"]
[SourceQuality "1"]

1. d4 Nf6 2. c4 g6 3. Nc3 d5 4. cxd5 Nxd5 5. e4 Nxc3 6. bxc3 Bg7 7. Nf3 c5 8. Be3 0-0 9. Bc4 Qc7 10. Rc1 cxd4 11. cxd4 Qd7 12. 0-0 Rd8 13. Qb3 Rf8 14. Bb5 Qd8 15. Bf4 Qb6 16. Bc7 Qe6 17. Qxe6 Bxe6 18. d5 Bd7 19. a4 Bxb5 20. axb5 Nd7 21. Ba5 Rac8 22. Bb4 Bf6 23. Rfe1 Rxc1 24. Rxc1 Rd8 25. Rc7 b6 26. Rxa7 Kf8 27. Nd2 Ke8 28. Rc7 Ra8 29. Kf1 Be5 30. Rc2 Kd8 31. g3 Ra4 32. Rc4 1-0

[Event "Karl Mala Memorial op-B 17th"]
[Site "Frankfurt"]
[Date "2014.07.31"]
[Round "1"]
[White "Fesselier, Chelsea"]
[Black "Da Silva Guenther, Tobias"]
[Result "1-0"]
[WhiteElo "1478"]
[BlackElo "1018"]
[PlyCount "57"]
[EventDate "2014.07.31"]
[EventType "swiss"]
[EventRounds "7"]
[EventCountry "GER"]
[SourceTitle "EXT 2015"]
[Source "ChessBase"]
[SourceDate "2014.11.20"]
[SourceVersion "1"]
[SourceVersionDate "2014.11.20"]
[SourceQuality "1"]

1. e4 d6 2. d4 Nd7 3. f4 e6 4. Nf3 b6 5. Nc3 Bb7 6. Bd3 c5 7. dxc5 Nxc5 8. Bb5+ Nd7 9. Be3 Ngf6 10. Nd2 a6 11. Bxd7+ Qxd7 12. Bxb6 Be7 13. 0-0 0-0 14. Bf2 Ne8 15. Re1 Qc6 16. Qg4 f5 17. exf5 exf5 18. Qh3 Bf6 19. Ndb1 Nc7 20. Re2 Rae8 21. Rxe8 Rxe8 22. a4 Ne6 23. Be3 Nc5 24. Bf2 Ne4 25. Nxe4 Qxe4 26. Na3 Qxf4 27. Qb3+ Kh8 28. Qxb7 Bxb2 29. Qxb2 1-0

[Event "Wch U12 Girls"]
[Site "Al Ain"]
[Date "2013.12.27"]
[Round "10"]
[White "Cvitan, Ena"]
[Black "Fesselier, Chelsea"]
[Result "1-0"]
[WhiteElo "1644"]
[BlackElo "1463"]
[PlyCount "89"]
[EventDate "2013.12.18"]
[EventType "swiss"]
[EventRounds "11"]
[EventCountry "UAE"]
[SourceTitle "CBM 158 Extra"]
[Source "ChessBase"]
[SourceDate "2014.02.28"]
[SourceVersion "1"]
[SourceVersionDate "2014.02.28"]
[SourceQuality "1"]

1. d4 Nf6 2. Nf3 g6 3. Bf4 d5 4. e3 Bg7 5. c3 Nc6 6. Nbd2 0-0 7. h3 Re8 8. c4 e6 9. Bd3 b6 10. 0-0 Bb7 11. Bg5 Qd7 12. Rc1 Rac8 13. cxd5 exd5 14. Bb5 Ne4 15. Nxe4 Rxe4 16. Qa4 Re6 17. Qxa7 Ba8 18. Qa4 Bb7 19. Rc3 Ra8 20. Qb3 Qc8 21. Bxc6 Bxc6 22. Rfc1 Qb7 23. Qc2 Be8 24. Rxc7 Qa6 25. a3 Qb5 26. Bf4 f6 27. Nd2 Qa6 28. Qb3 Rd8 29. Qc2 Ba4 30. Qc3 Bd7 31. Nf3 Bf8 32. Ne1 Qb5 33. Nd3 Bg7 34. Nb4 Be8 35. Rc8 Rd7 36. Qd3 Qa4 37. R1c3 Bf8 38. Qc2 Qb5 39. R3c6 Rxc6 40. Qxc6 Qxc6 41. Rxc6 Bxb4 42. axb4 Rb7 43. Rxf6 Kg7 44. Be5 Kg8 45. Rd6 1-0

[Event "Wch U12 Girls"]
[Site "Al Ain"]
[Date "2013.??.??"]
[Round "1"]
[White "Kochukova, Anna"]
[Black "Fesselier, Chelsea"]
[Result "1-0"]
[WhiteElo "1899"]
[BlackElo "1463"]
[PlyCount "37"]
[EventDate "2013.12.18"]
[EventType "swiss"]
[EventRounds "11"]
[EventCountry "UAE"]
[SourceTitle "CBM 158 Extra"]
[Source "ChessBase"]
[SourceDate "2014.02.28"]
[SourceVersion "1"]
[SourceVersionDate "2014.02.28"]
[SourceQuality "1"]

1. e4 c5 2. Nc3 e6 3. g3 Nc6 4. Bg2 Nf6 5. f4 d5 6. d3 Be7 7. e5 Nd7 8. Nf3 a6 9. 0-0 0-0 10. Ne2 b5 11. d4 Bb7 12. Be3 c4 13. g4 Re8 14. f5 exf5 15. gxf5 Bf8 16. Ng5 Be7 17. Nxf7 Kxf7 18. Bxd5+ Kf8 19. Nf4 1-0

[Event "GER-ch U10"]
[Site "Oberhof"]
[Date "2012.06.01"]
[Round "10"]
[White "Brehm, Mirja"]
[Black "Fesselier, Chelsea"]
[Result "0-1"]
[WhiteElo "1097"]
[BlackElo "1228"]
[PlyCount "154"]
[EventDate "2012.05.27"]
[EventType "swiss"]
[EventRounds "11"]
[EventCountry "GER"]
[SourceTitle "CBM 148 Extra"]
[Source "ChessBase"]
[SourceDate "2012.06.22"]
[SourceVersion "1"]
[SourceVersionDate "2012.06.22"]
[SourceQuality "1"]

1. Nf3 c5 2. g3 Nc6 3. Bg2 d5 4. d3 e6 5. 0-0 Nf6 6. Nbd2 Be7 7. c3 0-0 8. h3 Bd7 9. Kh2 Bd6 10. Qc2 Rc8 11. Re1 Qc7 12. e4 Qb8 13. exd5 exd5 14. Nf1 Rfe8 15. Rxe8+ Rxe8 16. Be3 Qc8 17. Re1 h6 18. a3 b6 19. Bd2 Rxe1 20. Bxe1 Bf5 21. Qd2 Ne5 22. Nxe5 Bxe5 23. Ne3 Be6 24. Qd1 Qc7 25. d4 cxd4 26. cxd4 Bd6 27. Bc3 Bxa3 28. bxa3 Qxc3 29. Nc2 Qb3 30. Bf3 Bf5 31. Ne3 Qxd1 32. Bxd1 Be6 33. Bb3 Kf8 34. f4 g6 35. g4 a5 36. f5 a4 37. Bxa4 Bc8 38. fxg6 fxg6 39. Kg3 Kf7 40. h4 g5 41. hxg5 hxg5 42. Kf2 Nxg4+ 43. Nxg4 Bxg4 44. Bb3 Be6 45. a4 Ke7 46. Bd1 Kd7 47. Ke3 Kc7 48. Kf3 Kb7 49. Ke3 Ka6 50. Kf3 Ka5 51. Kg3 Kb4 52. Kf3 Kc3 53. Ke3 Bh3 54. Bf3 g4 55. Bxd5 g3 56. Kf3 Kxd4 57. Bb7 g2 58. Kf2 Kc4 59. Bc6 Kc5 60. Bb5 Kd4 61. Kg1 Ke3 62. Bc6 Kf4 63. Bb5 Kg3 64. Bc6 Kf4 65. Bb5 Kf3 66. Bc6+ Kg3 67. Bb5 Bg4 68. Bc6 Bf3 69. Bb5 Bd5 70. Bd7 Kf3 71. Bb5 Ke3 72. Bd7 Kd4 73. Bb5 Kc5 74. Kf2 Bc6 75. Bxc6 Kxc6 76. Kxg2 Kc5 77. Kf2 Kb4 0-1

[Event "GER-ch U10"]
[Site "Oberhof"]
[Date "2012.05.29"]
[Round "5"]
[White "Fesselier, Chelsea"]
[Black "Voss, Henrike"]
[Result "1-0"]
[WhiteElo "1228"]
[BlackElo "1002"]
[PlyCount "117"]
[EventDate "2012.05.27"]
[EventType "swiss"]
[EventRounds "11"]
[EventCountry "GER"]
[SourceTitle "CBM 148 Extra"]
[Source "ChessBase"]
[SourceDate "2012.06.22"]
[SourceVersion "1"]
[SourceVersionDate "2012.06.22"]
[SourceQuality "1"]

1. e4 e5 2. Nf3 Nc6 3. Bc4 Bc5 4. c3 Nf6 5. Ng5 0-0 6. d3 h6 7. Nf3 d5 8. exd5 Nxd5 9. 0-0 Bg4 10. h3 Bh5 11. Nbd2 Qd7 12. Ne4 Bb6 13. Nxe5 Nxe5 14. Qxh5 Nxc4 15. dxc4 Ne7 16. Qxh6 Qc6 17. Qxc6 Nxc6 18. c5 Rfe8 19. cxb6 Rxe4 20. bxc7 Rc8 21. f3 Re7 22. Bf4 Ne5 23. Rfe1 f6 24. Bxe5 fxe5 25. Rad1 Rcxc7 26. Rd5 Rcd7 27. Rxd7 Rxd7 28. Rxe5 Rd1+ 29. Kh2 Ra1 30. a3 Rb1 31. Rb5 b6 32. b3 Rc1 33. c4 Ra1 34. a4 Ra3 35. Kg3 Kf7 36. Kf4 Ke6 37. Rg5 Rxb3 38. Rxg7 a6 39. Rg6+ Kd7 40. h4 Rb4 41. Kg5 Rxc4 42. Rxb6 Rxa4 43. h5 Ra1 44. h6 Kc7 45. Rxa6 Rxa6 46. h7 Ra8 47. Kg6 Kd6 48. Kg7 Ra7+ 49. Kg6 Ra8 50. g4 Ke5 51. Kg5 Ke6 52. f4 Kf7 53. Kh6 Ra7 54. g5 Ra6+ 55. g6+ Ke6 56. h8Q Kf5 57. Qe5+ Kg4 58. Qe2+ Kxf4 59. Qxa6 1-0

[Event "GER-ch U10"]
[Site "Oberhof"]
[Date "2012.05.29"]
[Round "6"]
[White "Renger, Niklas"]
[Black "Fesselier, Chelsea"]
[Result "1-0"]
[WhiteElo "1622"]
[BlackElo "1228"]
[PlyCount "101"]
[EventDate "2012.05.27"]
[EventType "swiss"]
[EventRounds "11"]
[EventCountry "GER"]
[SourceTitle "CBM 148 Extra"]
[Source "ChessBase"]
[SourceDate "2012.06.22"]
[SourceVersion "1"]
[SourceVersionDate "2012.06.22"]
[SourceQuality "1"]

1. e4 c5 2. Nf3 a6 3. d4 cxd4 4. Nxd4 Nf6 5. Bd3 e5 6. Nb3 d6 7. 0-0 Be7 8. Nc3 0-0 9. Bd2 Nc6 10. Qe2 Be6 11. Rae1 Rc8 12. h3 Qd7 13. f4 Bxb3 14. axb3 Nd4 15. Qd1 Rfd8 16. Kh1 Qc6 17. Bc4 Qc7 18. Be3 Nc6 19. Nd5 Nxd5 20. Bxd5 Bf6 21. fxe5 dxe5 22. Qg4 Qe7 23. c3 Nb8 24. Rf2 Qd7 25. Qg3 Kh8 26. Bg5 Qe7 27. Bxf6 gxf6 28. Ref1 Rd6 29. Qh4 Nd7 30. Bxb7 Rg8 31. Bd5 Rg6 32. Rf5 Qf8 33. Rh5 Qg7 34. c4 Rxg2 35. Rxh7+ Qxh7 36. Qxh7+ Kxh7 37. Kxg2 Kg7 38. Ra1 Rb6 39. b4 Rxb4 40. Rxa6 Rxb2+ 41. Kg3 Rb3+ 42. Kg4 Rb8 43. Ra7 Rd8 44. Rc7 Kg6 45. c5 Nxc5 46. Rxc5 Rd7 47. h4 Re7 48. h5+ Kg7 49. Kf5 Kh7 50. Kxf6 Rb7 51. Bxb7 1-0

[Event "GER-ch U10"]
[Site "Oberhof"]
[Date "2012.05.28"]
[Round "4"]
[White "Graf, Justus Felix"]
[Black "Fesselier, Chelsea"]
[Result "1-0"]
[WhiteElo "1507"]
[BlackElo "1228"]
[PlyCount "147"]
[EventDate "2012.05.27"]
[EventType "swiss"]
[EventRounds "11"]
[EventCountry "GER"]
[SourceTitle "CBM 148 Extra"]
[Source "ChessBase"]
[SourceDate "2012.06.22"]
[SourceVersion "1"]
[SourceVersionDate "2012.06.22"]
[SourceQuality "1"]

1. e4 c5 2. Nf3 e6 3. Nc3 d5 4. Bb5+ Nc6 5. Ne5 Qd6 6. Nf3 Bd7 7. 0-0 Be7 8. Re1 a6 9. Bxc6 Bxc6 10. e5 Qc7 11. Ne2 Nh6 12. Ng3 0-0 13. c3 f5 14. exf6 Rxf6 15. d4 Bd6 16. Qd3 c4 17. Qc2 Bxg3 18. hxg3 Re8 19. Bf4 Qc8 20. Ne5 Rff8 21. Qd2 Nf7 22. Nxf7 Rxf7 23. Re3 Qd7 24. Rae1 h6 25. Qe2 Rfe7 26. g4 Rf7 27. Bg3 Rfe7 28. Bh4 g5 29. Bg3 Kh7 30. Be5 Rf7 31. Rh3 Rg8 32. Kh2 Qc8 33. Rh1 Re8 34. Qc2+ Kg8 35. Qg6+ Kf8 36. Bd6+ Ree7 37. Bxe7+ Kxe7 38. Kg1 Qf8 39. Qxh6 Rg7 40. Rf3 Qg8 41. Qf6+ Kd6 42. Re3 Re7 43. Rh8 Qg7 44. Qxg7 Rxg7 45. Kh2 Bd7 46. Re5 Kc6 47. Rh5 Rf7 48. Kg3 Re7 49. Rhxg5 Rh7 50. Rh5 Rg7 51. g5 Kb5 52. Rh6 Re7 53. g6 Rg7 54. Rg5 Be8 55. Rh7 Rxg6 56. Rxg6 Bxg6 57. Rxb7+ Ka5 58. Kf4 Be8 59. g4 Bc6 60. Re7 Be8 61. Rxe8 Ka4 62. Rb8 e5+ 63. dxe5 d4 64. Rb4+ Ka5 65. Rxc4 d3 66. e6 d2 67. Rd4 d1Q 68. Rxd1 Ka4 69. e7 Ka5 70. b4+ Ka4 71. e8Q+ Ka3 72. Qf7 Ka4 73. Rd5 a5 74. Rxa5# 1-0